000 01155cam a22003254a 4500
001 12829532
003 ARRUPE
005 20130918174721.0
008 020624s2002 mdu b 001 0 eng
010 _a 2002009875
020 _a073910411X (cloth : alk. paper)
020 _a0739104128 (pbk. : alk. paper)
040 _aDLC
_cDLC
_dDLC
042 _apcc
050 0 0 _aJC423
_b.H66 2002
082 0 0 _a320/.01
_221
100 1 _aHittinger, John.
_9735
245 1 0 _aLiberty, wisdom, and grace :
_bThomism and democratic political theory /
_cJohn P. Hittinger.
260 _aLanham :
_bLexington Books,
_cc2002.
300 _axx, 314 p. ;
_c24 cm.
440 0 _aApplications of political theory
_9736
504 _aIncludes bibliographical references (p. 303-305) and index.
650 0 _aDemocracy
_xPhilosophy.
_9737
650 0 _aReligion and politics.
_9738
650 0 _aLiberalism.
_9739
650 0 _aThomists.
_9740
906 _a7
_bcbc
_corignew
_d1
_eecip
_f20
_gy-gencatlg
942 _2lcc
_cMONOGRAPH
999 _c117920
_d117920